Age at marriage differentials in India, 1984 (Record no. 488163)

000 -LEADER
fixed length control field 00464cam a22001097a 4500
008 - FIXED-LENGTH DATA ELEMENTS--GENERAL INFORMATION
fixed length control field 180718b1988 xxu||||| |||| 00| 0 eng d
082 ## - DEWEY DECIMAL CLASSIFICATION NUMBER
Classification number B141x54 In2ag/1984
245 ## - TITLE STATEMENT
Title Age at marriage differentials in India, 1984
Statement of responsibility, etc. by Vital Statistics Division, Office of the Registrar General
260 ## - PUBLICATION, DISTRIBUTION, ETC.
Place of publication, distribution, etc. New Delhi
Name of publisher, distributor, etc. Vital Statistics Division, Office of the Registrar General
Date of publication, distribution, etc. 1988
300 ## - PHYSICAL DESCRIPTION
Extent 191p.
700 ## - ADDED ENTRY--PERSONAL NAME
Personal name India. Office of the Registrar General. Vital Statistics Division
Holdings
Withdrawn status Lost status Damaged status Not for loan Permanent Location Current Location Date acquired Full call number Barcode Date last seen Price effective from Koha item type
        Indian Institute of Public Administration Indian Institute of Public Administration 2018-08-04 B141x54 In2ag/1984 GG20853 2018-08-04 2018-08-04 GG

Powered by Koha